| 000 | | | 04552cbc2a2200000#x 450 |
| 001 | | | 25204d78-73cd-472e-875a-e792447619a8 |
| 005 | | | 20201019151912.0 |
| 100 | ## | $a | 20150818l18301831k l0rusy0189 ca |
| 101 | 0# | $a | rus |
| 102 | ## | $a | RU |
| 200 | 1# | $a | Донесения попечителя Виленского учебного округа о прекращении занятий в учебных заведениях по случаю появления холеры и о возобновлении их после прекращения холерных заболеваний. Ведомости о числе заболевших, выздоровевших и умерших в городе Вильне |
| | $j | 8 декабря 1830 г. - 14 мая 1831 г. |
| 251 | ## | $c | Дело |
| 300 | ## | $a | Рукописный текст. Чернила |
| 300 | ## | $a | Оригинальный заголовок дела: Принятые к сведению донесения о появлении и прекращении холеры, о прекращении и возобновлении учения в учебных заведениях Виленского учебного округа. 8 декабря 1830 г. - 14 мая 1831 г. |
| 801 | #0 | $a | RU |
| | $b | РГИА |
| | $c | 20150818 |
| 801 | #1 | $a | RU |
| | $b | ГлавНИВЦ |
| | $c | 20150818 |
| | $2 | rusmarc |
| 801 | #2 | $a | RU |
| | $b | ПБ им. Б.Н. Ельцина |
| | $c | 20151215 |
| | $g | RCR |
| | $2 | rusmarc |
| 850 | ## | $a | Федеральное казенное учреждение "Российский государственный исторический архив" (РГИА) |
| 852 | ## | $a | РГИА |
| | $j | 225 |
| 937 | ## | $h | РГИА |
| | $d | 12091235 |
| | $a | ASBIBLIO_SCAN |
| 462 | #0 | $1 | 00110dcdccd-ec79-4ee8-a204-b9d031b41c04 |
| | $1 | 2001 |
| | $a | Медицинские дела Департамента народного просвещения |
| | $v | Д. 225 |
| | $1 | 251 |
| | $c | Опись |
| | $1 | 852 |
| | $j | 99 |
| 461 | #0 | $1 | 001a74412a3-3cc5-4d21-8f0a-dfe2fbd9e72d |
| | $1 | 2001 |
| | $a | Департамент народного просвещения Министерства народного просвещения |
| | $1 | 251 |
| | $c | Фонд |
| | $1 | 852 |
| | $j | 733 |
| 215 | ## | $a | 11 листов |
| | $d | 36,5х26 см |
| 371 | ## | $a | Документ не является опубликованным и широко распространяемым |
| 105 | ## | $a | y### |
| 122 | 2# | $a | d18301208## |
| | $a | d18310514## |
| 517 | 1# | $a | Принятые к сведению донесения о появлении и прекращении холеры, о прекращении и возобновлении учения в учебных заведениях Виленского учебного округа |
| | $e | 8 декабря 1830 г. - 14 мая 1831 г. |
| 035 | ## | $a | 25204d78-73cd-472e-875a-e792447619a8 |
| 605 | ## | $2 | acquisition_Prlib |
| | $3 | LIBNET\UAF\0000089563 |
| | $a | Предупреждение и борьба с эпидемиями в России |
| | $l | коллекция |